Техника, эстетика, труд

ग्रंथसूची विवरण
मुख्य लेखक: Иванов С. М. Сергей Михайлович
अन्य लेखक: Красновский А. А. Александр Абрамович
भाषा:रूसी
प्रकाशित: Москва, Машиностроение, 1968
विषय:
स्वरूप: पुस्तक
KOHA link:https://koha.lib.tpu.ru/cgi-bin/koha/opac-detail.pl?biblionumber=299710

MARC

LEADER 00000nam0a2200000 4500
001 299710
005 20231102001229.0
035 |a (RuTPU)RU\TPU\book\324862 
090 |a 299710 
100 |a 20150701d1968 km y0rusy50 ca 
101 0 |a rus 
102 |a RU 
105 |a a z 000zy 
200 1 |a Техника, эстетика, труд  |f С. М. Иванов, А. А. Красновский 
210 |a Москва  |c Машиностроение  |d 1968 
215 |a 136 с.  |c ил. 
606 1 |a Техническая эстетика  |2 stltpush  |3 (RuTPU)RU\TPU\subj\60056  |9 77546 
610 1 |a рабочее место 
610 1 |a музыка 
610 1 |a цвет 
610 1 |a интерьер 
610 1 |a архитектура 
675 |a 62:7.05  |v 4 
700 1 |a Иванов  |b С. М.  |g Сергей Михайлович 
701 1 |a Красновский  |b А. А.  |g Александр Абрамович 
801 1 |a RU  |b 63413507  |c 20150701 
801 2 |a RU  |b 63413507  |c 20150703  |g RCR 
942 |c BK